| 000 | 00613nam a22001577a 4500 | ||
|---|---|---|---|
| 003 | OSt | ||
| 005 | 20151020153318.0 | ||
| 008 | 151020b xxu||||| |||| 00| 0 eng d | ||
| 040 | _cRUA | ||
| 082 | _aAVM SOM 2010 B094 Or.1 | ||
| 100 |
_92529 _aSOMRETH, PHEAKDEY. |
||
| 245 | _aStudy on digestibility of grass exotic variety in local goats, សិក្សាពីភាពរំលាយអាហាររបស់ស្មៅ (ស្ងួត) ពូជនាំចូលលើពពែក្នុងស្រុក | ||
| 260 |
_aPhnom Penh _bRUA _c2010 |
||
| 300 |
_axii;33p. _bill. _c29cm. |
||
| 942 |
_2ddc _cAVM |
||
| 999 |
_c2384 _d2384 |
||